00401nam a2200157Ia 45000010006000000050017000060080041000230410008000640820015000721000034000872450069001212600009001903000028001996500008002276540008002352014420260306172744.0260306t1991||||xx |||||||||||||| ||spa|| aESP a342.7bA93 aAyasta González, JulioeAUT 0aEl derecho comparado y los sistemas jurídicos contemporáneos c1991 a319 páginas :c21 cm. aGEN aCDE